Electronic Machines and Transformation (Record no. 3193)

MARC details
005 - DATE AND TIME OF LATEST TRANSACTION
control field 20250623111808.0
020 ## - INTERNATIONAL STANDARD BOOK NUMBER
International Standard Book Number 0-02-385950-4
082 ## - DEWEY DECIMAL CLASSIFICATION NUMBER
Classification number LM 621.31 NAS
100 ## - MAIN ENTRY--PERSONAL NAME
Author name NASAR, S. A.
245 ## - TITLE STATEMENT
Title Electronic Machines and Transformation
260 ## - PUBLICATION, DISTRIBUTION, ETC.
Place of publication, distribution, etc. New York,
Name of publisher, distributor, etc. Macmillan Publishing Company,
Date of publication, distribution, etc. 1984.
300 ## - PHYSICAL DESCRIPTION
Extent xii,351p.: ill.; figure, picture, table.
Other physical details Index.
Dimensions 24cm.
942 ## - ADDED ENTRY ELEMENTS (KOHA)
Source of classification or shelving scheme Dewey Decimal Classification
Koha item type Books
Holdings
Date last seen Total checkouts Full call number Barcode Cost, replacement price Price effective from Koha item type Lost status Source of classification or shelving scheme Damaged status Not for loan Withdrawn status Home library Current library Shelving location Date acquired Cost, normal purchase price
06/05/2025   LM 621.31 NAS 00000010775 47250.00 06/05/2025 Books   Dewey Decimal Classification       College of Business Education Main Library College of Business Education Main Library General Collection 03/01/1995 15750.00
06/05/2025   LM 621.31 NAS 00000010776 47250.00 06/05/2025 Books   Dewey Decimal Classification       College of Business Education Main Library College of Business Education Main Library General Collection 03/01/1995 15750.00
06/05/2025   LM 621.31 NAS 00000010777 47250.00 06/05/2025 Books   Dewey Decimal Classification       College of Business Education Main Library College of Business Education Main Library General Collection 03/01/1995 15750.00